Noah Kahan - Still Lyrics - Statistics

General Stats
  • This quiz has been taken 99 times
  • The average score is 295 of 368
Answer Stats
Answer % Correct
I
100%
still
96%
to
95%
You
95%
you
95%
a
93%
don't
93%
Don't
93%
It
93%
it
93%
it's
93%
It's
93%
when
93%
goodbye
91%
here
91%
I'm
91%
say
91%
want
91%
like
89%
Like
89%
with
89%
in
84%
the
84%
The
84%
you're
82%
and
80%
And
80%
love
80%
is
78%
my
76%
on
76%
pieces
76%
that
75%
alive
73%
Can
73%
falling
73%
God
73%
place
73%
can't
71%
falls
71%
into
71%
what
71%
But
69%
but
69%
while
67%
find
65%
lasts
65%
only
65%
know
64%
move
64%
deny
62%
quiet
62%
watch
62%
lose
60%
mother
60%
no
60%
was
60%
whole
58%
of
56%
too
56%
country
55%
Oh
55%
oh
55%
reasons
55%
stay
55%
surgery
55%
feels
53%
light
53%
or
53%
Sayin'
53%
something
53%
used
53%
coast
51%
down
51%
hoping
51%
If
51%
patient
51%
whether
51%
yourself
51%
broken?
49%
fix
49%
myself
49%
room
49%
fire
47%
found
47%
let
47%
'til
47%
at
45%
bed
45%
burn
45%
face
45%
hard
45%
inside
45%
Look
45%
morning
45%
back
44%
bottomless
44%
I've
44%
one
44%
ugly
44%
up
44%
box
42%
callous
42%
hole
42%
open
42%
out
42%
past
42%
rip
42%
sky
42%
trace
42%
wondering
42%
coming
40%
photos
40%
Stare
36%
starless
35%
miss
29%
Grab
27%
No matching quizzes found
Score Distribution
Percent of People with Each Score
Percentile by Number Answered
Your Score History
You have not taken this quiz